000 00382nam a2200145Ia 4500
005 20250320051637.0
008 240331s9999 xx 000 0 und d
082 _bMUR
_a894
100 _aMurshideen, I
245 0 _aSamudhaya aghadhighal
260 _aColombo
_bAllama Iqbal Publications
_c1990
300 _a115 p .,
500 _aA Collection of Islamic Short Stories
942 _cL
999 _c4102
_d4102